000 00711nam a22002177a 4500
005 20250122161940.0
010 _aENG-143013
020 _c50.00
_a9788195667314
035 _aEN-126545
037 _bDBAD
082 _a362.4
245 _aDisability Matters:
_bA Guide for Parents and Caregivers/
_cCompiled By Shirly G; Nilasha S [and] Priya Anna James
250 _a1
260 _aKerela
_bNational Institute of Speech & Hearing
270 _aNISH Road, Thiruvananthapuram
_bKerela
_e695017
300 _axxvii,219p.
_c20cm (hb)
700 _aG, Shirly
_eCompiled
_975073
700 _aS, Nilasha
_975074
700 _aJames, Priya Anna
_975075
942 _2ddc
_cEN
_h362.4
_mDIS
999 _c207639
_d207639